Antony Trivia 🥶 - Statistics

General Stats
  • This quiz has been taken 84 times
  • The average score is 4 of 7
Answer Stats
Question Answer % Correct
What team did Antony play for before United? Ajax
98%
Is Antony the GOAT Yes
90%
When was Antony's prime? 2008
78%
Who rivals Antony in the GOAT debate? Mykhailo Mudryk
53%
Against what team did Antony make his super sub appearance? Arsenal
43%
What is Antony's nickname? Mr. Aura
31%
What is Antony's G+A? 436
4%
No matching quizzes found
Score Distribution
Percent of People with Each Score
Percentile by Number Answered
Your Score History
You have not taken this quiz